La Prusse, son progrès politique et social (Record no. 160160)

MARC details
000 -LEADER
campo de control de longitud fija 00905nam a22002055i 4500
001 - NÚMERO DE CONTROL
campo de control 160160
003 - IDENTIFICADOR DE NÚMERO DE CONTROL
campo de control ES-MaACL
005 - FECHA Y HORA DE LA ÚLTIMA TRANSACCIÓN
campo de control 20251001202757.0
008 - DATOS DE LONGITUD FIJA--INFORMACIÓN GENERAL
campo de control de longitud fija 991006s1848 fr |||| | fre d
040 ## - FUENTE DE CATALOGACIÓN
Centro catalogador/agencia de origen CCPB | B
Lengua de catalogación spa
Centro/agencia transcriptor CCPB | B
100 1# - ENTRADA PRINCIPAL--NOMBRE DE PERSONA
Nombre de persona Moreau de Jonnès, Alexandre César,
Fechas asociadas al nombre 1808-1878
9 (RLIN) 157326
245 13 - MENCIÓN DEL TÍTULO
Título La Prusse, son progrès politique et social
Resto del título : suivi d'un exposé économique et statistique des réformes opérés depuis 1806 jusqu'a l'époque actuelle /
Mención de responsabilidad, etc. par A. Moreau de Jonnès fils ; traduit de l'allemand de M. Dieterici.
260 ## - PUBLICACIÓN, DISTRIBUCIÓN, ETC.
Lugar de publicación, distribución, etc. Paris :
Nombre del editor, distribuidor, etc. Guillaumin et Cie., Libraires,
Fecha de publicación, distribución, etc. 1848 (
Lugar de fabricación/manufactura Corbeil :
Fabricante imprimerie de Crété)
300 ## - DESCRIPCIÓN FÍSICA
Extensión XVI, 454 p. ;
Dimensiones 22 cm.
651 #4 - PUNTO DE ACCESO ADICIONAL DE MATERIA--NOMBRE GEOGRÁFICO
Nombre geográfico Prusia-
Subdivisión general Historia.
9 (RLIN) 137324
700 1# - ENTRADA AGREGADA--NOMBRE PERSONAL
Nombre de persona Dieterici, Friedrich Heinrich,
Fechas asociadas al nombre 1821-1903
9 (RLIN) 157324
852 ## - LOCALIZACIÓN
Ubicación ES-MaACL
Número de control de estantería G-10832
Nota libre -- Enc. hol.
Holdings
Estatus retirado Estado de pérdida Estado de daño No para préstamo Colección Biblioteca de origen Biblioteca actual Ubicación en estantería Fecha de adquisición Fuente de adquisición Total de préstamos Signatura topográfica completa Código de barras Visto por última vez Precio de reemplazo Tipo de ítem Koha
        Libros del s. XIX Biblioteca del Ateneo de Madrid Biblioteca del Ateneo de Madrid Sala Pecera Planta 3 17/01/2008     G-10832 1167678 23/02/2023 23/02/2023 Libro impreso antiguo